On This Day (September 4th) Multiple Choice - Statistics

General Stats
  • This quiz has been taken 8 times
  • The average score is 6 of 15
Answer Stats
Question Answer % Correct
1998 – Which Internet company is founded by Larry Page and Sergey Brin, two students at Stanford University ? Google
86%
1888 – George Eastman recieves a patent and registers which trademark ? Kodak
71%
1970 – Salvador Allende is elected President of which South American country ? Chile
57%
1781 – Which city is founded as El Pueblo de Nuestra Señora La Reina de los Ángeles by 44 Spanish settlers ? Los Angeles
57%
1800 – The French garrison in which city surrenders to British troops who had been called at the invitation of the local population ? Valletta, Malta
57%
1882 – The Pearl Street Station in which city becomes the first power plant to supply electricity to paying customers ? New York
43%
1977 – The Golden Dragon massacre takes place in a restaurant in which Californian city ? San Francisco
43%
1282 – Peter III of Aragon becomes the King of which Mediterranean island ? Sicily
43%
1964 – Scotland's Forth Road Bridge officially opens near which city ? Edinburgh
29%
1607 – The "Flight of the Earls" takes place from which country ? Ireland
29%
1923 – Maiden flight of the first U.S. airship. What was it's name ? USS Shenandoah
29%
1944 – World War II: The British 11th Armoured Division liberates which Belgian city ? Antwerp
14%
1950 – Which circuit is the site of the inaugural Southern 500, the first 500-mile NASCAR race ? Darlington Raceway
14%
1939 – World War II: William J. Murphy commands the first Royal Air Force attack on Germany. What other first is he famous for ? First pilot to be shot down and killed in WW2
0%
1951 – Martin Chambers, English drummer and singer is born. He was a founding member of which band ? The Pretenders
0%
No matching quizzes found
Score Distribution
Percent of People with Each Score
Percentile by Number Answered
Your Score History
You have not taken this quiz